| 000 | 00908nam a2200205Ia 4500 | ||
|---|---|---|---|
| 999 |
_c8680 _d8680 |
||
| 005 | 20230808101547.0 | ||
| 008 | 230725s9999 xx 000 0 und d | ||
| 020 | _a968-422-917-8 | ||
| 040 |
_aUPAN _cBiblioteca San Vicente _eRCAA2 |
||
| 041 | _aspa | ||
| 082 |
_a512 _bA974a _c1991 |
||
| 100 |
_aAyres, Frank, _4aut. |
||
| 245 | 0 |
_aAlgebra Moderna/ _cFrank Ayres |
|
| 250 | _a1° ed. | ||
| 260 |
_aMéxico: _bMcGraw Hill, _c1991 |
||
| 300 |
_a245 p.; _c24 cm. |
||
| 505 | _a1. Conjuntos 2. Relaciones y operaciones 3. Los numeros naturales 4. Los enteros 5. Algunas propiedades de los enteros 6. Los numero racionales 7. Los numero reales 8. Los numeros complejos 9. Grupos 10. Anillos 11. Dominio de integridad, Cuerpos 12. Polinomios 13. Espacios vectoriales 14. Matrices 15. Polinomios 16. Algebras lineales 17. Algebras boolianas | ||
| 650 |
_2LEMB _xAlgebra |
||
| 942 |
_cBK _2ddc |
||